[Event "Girona-chA"]
[Site "Girona"]
[Date "2004.??.??"]
[Round "4"]
[White "Gallart Vila, Joan"]
[Black "Serrat Juanaola, Xavier"]
[Result "1-0"]
[WhiteElo "1930"]
[BlackElo "1890"]
[PlyCount "119"]
[EventDate "2004.??.??"]
[EventType "swiss"]
[EventRounds "9"]
[EventCountry "ESP"]
[SourceTitle "EXT 2007"]
[Source "ChessBase"]
[SourceDate "2006.11.23"]
[SourceVersion "1"]
[SourceVersionDate "2006.11.23"]
[SourceQuality "1"]

1. e4 e6 2. d4 d5 3. e5 c5 4. Nf3 Nc6 5. a3 cxd4 6. Nxd4 Qa5+ 7. Bd2 Qb6 8. Nxc6 bxc6 9. b3 g6 10. Nc3 Bg7 11. Bf4 Ne7 12. Bd3 Qd4 13. Ne2 Qb6 14. 0-0 0-0 15. Bg5 Nf5 16. Bf6 Bxf6 17. exf6 e5 18. Bxf5 Bxf5 19. Qd2 Qd8 20. Qg5 h6 21. Qh4 Kh7 22. c4 d4 23. Rfe1 g5 24. Qh5 Bg6 25. Qh3 Qxf6 26. Ng3 d3 27. Rad1 Rad8 28. Ne4 Qf4 29. g3 Qf5 30. Qg2 Rd4 31. g4 Qf4 32. Ng3 Qxg4 33. Qxc6 Be4 34. Qc5 d2 35. Rxd2 Rfd8 36. Rxd4 Rxd4 37. Qxa7 Kg6 38. Qc5 Rd1 39. Qe3 Rxe1+ 40. Qxe1 f5 41. h3 Qf3 42. Nxe4 fxe4 43. Qe3 Qd1+ 44. Kg2 Kf5 45. c5 g4 46. hxg4+ Qxg4+ 47. Qg3 Qf4 48. c6 Qc1 49. Qh3+ Kf6 50. Qh4+ Ke6 51. Qg4+ Kd6 52. Qd7+ Kc5 53. b4+ Kc4 54. c7 Qg5+ 55. Kf1 Qc1+ 56. Ke2 Qc2+ 57. Qd2 Qd3+ 58. Qxd3+ exd3+ 59. Kd2 e4 60. c8Q+ 1-0

[Event "Girona-chA"]
[Site "Girona"]
[Date "2004.??.??"]
[Round "6"]
[White "Serrat Juanaola, Xavier"]
[Black "Badosa Romanyo, Albert"]
[Result "1/2-1/2"]
[WhiteElo "1890"]
[BlackElo "1900"]
[PlyCount "75"]
[EventDate "2004.??.??"]
[EventType "swiss"]
[EventRounds "9"]
[EventCountry "ESP"]
[SourceTitle "EXT 2007"]
[Source "ChessBase"]
[SourceDate "2006.11.23"]
[SourceVersion "1"]
[SourceVersionDate "2006.11.23"]
[SourceQuality "1"]

1. d4 Nf6 2. c4 g6 3. Nc3 d5 4. cxd5 Nxd5 5. e4 Nxc3 6. bxc3 Bg7 7. Ba3 0-0 8. Qc2 Re8 9. Bd3 e5 10. d5 c6 11. Qb3 cxd5 12. Bb5 Bd7 13. exd5 a6 14. Bxd7 Qxd7 15. Rd1 b5 16. Ne2 Qg4 17. Ng3 Nd7 18. 0-0 Nb6 19. Rfe1 Qc4 20. Re4 Qxb3 21. axb3 f5 22. Re2 Rac8 23. Rc2 e4 24. Bb4 Red8 25. d6 Bf8 26. Rcd2 Bh6 27. Ra2 Ra8 28. Bc5 Rdb8 29. d7 Bg5 30. d8Q+ Bxd8 31. Rxd8+ Rxd8 32. Bxb6 Rd1+ 33. Nf1 Rc1 34. Bd4 a5 35. f3 a4 36. Kf2 Kf7 37. Ne3 exf3 38. Rb2 1/2-1/2

[Event "Girona-chA"]
[Site "Girona"]
[Date "2004.??.??"]
[Round "2"]
[White "Serrat Juanaola, Xavier"]
[Black "Mayo Casademont, Marti"]
[Result "0-1"]
[WhiteElo "1890"]
[BlackElo "2125"]
[PlyCount "74"]
[EventDate "2004.??.??"]
[EventType "swiss"]
[EventRounds "9"]
[EventCountry "ESP"]
[SourceTitle "EXT 2007"]
[Source "ChessBase"]
[SourceDate "2006.11.23"]
[SourceVersion "1"]
[SourceVersionDate "2006.11.23"]
[SourceQuality "1"]

1. e4 e6 2. d3 d5 3. Nd2 Nf6 4. g3 dxe4 5. dxe4 Nc6 6. Bg2 e5 7. Ngf3 Bc5 8. 0-0 0-0 9. h3 a5 10. Re1 b6 11. c3 Ba6 12. b3 Qd7 13. Nf1 Qxd1 14. Rxd1 Nxe4 15. Be3 Bxf1 16. Kxf1 Bxe3 17. fxe3 Nxg3+ 18. Kf2 Ne4+ 19. Kg1 f5 20. c4 Rad8 21. Ng5 Nxg5 22. Bxc6 Nxh3+ 23. Kh2 Nf2 24. Bd5+ Kh8 25. Re1 e4 26. Kg3 Nd3 27. Rh1 Rd6 28. Raf1 Rff6 29. Rh4 g5 30. Rh5 c6 31. Rfh1 h6 32. c5 Rxd5 33. cxb6 Kg7 34. a4 Rd8 35. Rd1 Rb8 36. b4 Rxb6 37. bxa5 Ra6 0-1